000 00770nam a2200265Ia 4500
001 Para_5450
003 CHAP
008 220125s1922 xx 000 0 und d
010 _a203791
040 _cCHAP
090 _aPA FOLLETO 2791
100 _aCobbs, John L
_924166
245 _aDepartment bulletins nos. 926-950 :
_b with contents and index /
_c John L. Cobbs
260 _aWashington :
_b Department of Agriculture
300 _a20 p.
440 _aEUA. Dep. of Agri bull.; 926-950
_9169700
650 _aAgricultura y ganderĂ­a
_x BibliografĂ­a
_9169701
901 _aPA FOLLETO 2791
902 _aA
905 _a0000001922 WAS 0000000000 00
910 _a1922
942 _cPARA
942 _cPARA
_d1
999 _c203791
_d203791